000 00593nam a2200181 4500
001 131430
003 ES-MaACL
005 20230906193959.0
007 t|
008 070214s1973 sp r ||||1| spa d
100 1 _aRodríguez de Abajo, F. Javier.
_998435
245 1 0 _aTécnicas gráficas
_b: formación profesional... /
_cF. Javier Rodríguez de Abajo, Fernando Artero Pujol.
250 _a1ª. ed.
260 _aSan Sebastián :
_bEd. Donostiarra,
_c1973.
300 _a157 p., 79 lám. ;
_c27 cm.
700 1 _aArtero Pujol, Fernando.
_923453
852 _aES-MaACL
_jC-54201
_bR.86832
999 _c131430
_d131430